01518nam a22003857a 4500003000500000005001700005008004100022010001000063011001000073020001500083035001100098040000900109082001500118100004700133245020800180260002700388300002600415590004100441590004100482590004100523590004100564590004100605590004200646650001800688650004400706650002600750650002200776700003400798700004500832901000700877942001000884949008300894999001700977952013800994CHAP20220329143345.0081203s2006 mx r 00010 spa d a95456 a96428 a9684631219 a107081 cCHAP04a599.4bR661 aRomero Almaraz, María de Lourdes.99951310aMurciélagos benéficos y vampiros :bcaracterísticas, importancia, rabia, control y conservaciónc/por María de Lourdes Romero Almaraz, Álvaro Aguilar Setién y Cornelio Sánchez Hernández aMéxico :bAGT,c2006 axiii, 211 p. :bilus. aBATCH-UPDb10c20130110lUCH01h0507 aBATCH-UPDb10c20130110lUCH01h2312 aBATCH-UPDb10c20130410lUCH01h0145 aBATCH-UPDb10c20130410lUCH01h1603 aBATCH-UPDb10c20130914lUCH01h1045 aCONVERSIONb10c20130109lUCH01h135304aRabia.99363014aControl biológico de insectos.92758214aMurciélagos.97973114aVampiros.91176951 aAguilar Setien, Alvaro.928491 aSánchez Hernández, Cornelio.9107596 aBK cLIBRO a599.4 R66bBCcLIBROd33724002070743eLIBROgI.c/eh109991i107081sit$240.50 c95456d95456 00102local4051708RaBCbBCcPA_Rd2019-12-31eI.c/efLIBROl0o599.4 R66p33724002070743r2019-12-31 00:00:00w2019-12-31yREIMP